|
|
|
|
| LEADER |
00000nam a2200000Ii 4500 |
| 001 |
DIGDESCL0007 |
| 003 |
NyNyDIG |
| 007 |
cr ||||||||||| |
| 008 |
220817s2009 sp b 00 0spa |
| 006 |
m o d |
| 035 |
|
|
|a (OCoLC)1350506245
|
| 040 |
|
|
|a DGITA
|b eng
|e rda
|e pn
|c DGITA
|
| 020 |
|
|
|a 9788433033383
|q eBook
|q pdf
|
| 020 |
|
|
|z 9788433022103
|
| 050 |
1 |
4 |
|a BS2506.3 ebook
|
| 100 |
1 |
|
|a González Alba, Cristina,
|e author.
|
| 245 |
0 |
0 |
|a Orar con ... :
|b la conversión de Saulo de Tarso : Un fariseo frente al resplandor de la verdad /
|c Cristina González Alba.
|
| 264 |
|
1 |
|a Bilbao :
|b Desclée de Brouwer,
|c 2009.
|
| 300 |
|
|
|a 1 online resource.
|
| 336 |
|
|
|a text
|b txt
|2 rdacontent
|
| 337 |
|
|
|a computer
|b c
|2 rdamedia
|
| 338 |
|
|
|a online resource
|b cr
|2 rdacarrier
|
| 347 |
|
|
|a text file
|2 rdaft
|
| 347 |
|
|
|b PDF
|
| 490 |
1 |
|
|a Hablar con Jesús
|
| 588 |
0 |
|
|a Online resource; title from PDF title page (Digitalia, viewed August 17, 2022)
|
| 600 |
0 |
0 |
|a Paul,
|c the Apostle, Saint.
|
| 600 |
0 |
0 |
|a Jesus Christ
|x Friends and associates.
|
| 650 |
|
0 |
|a Apostles
|v Biography.
|
| 655 |
|
0 |
|a Electronic books.
|
| 791 |
2 |
|
|a Digitalia (Firm),
|e distributor.
|
| 793 |
0 |
|
|g Digitalia eBook Collection:
|a Desclée de Brouwer.
|
| 776 |
0 |
8 |
|i Print version:
|a González Alba, Cristina.
|t Orar con ... .
|b 2a. edición.
|d Bilbao : Desclée de Brouwer, 2009
|z 9788433022103
|
| 830 |
|
0 |
|a Hablar con Jesús.
|
| 856 |
4 |
0 |
|3 Digitalia Hispánica
|u https://www.digitaliapublishing.com/a/84063/
|
| 910 |
|
|
|a Premium collection: 2022
|